Gustave Eiffel : Le triomphe de l’ingénieur (notice n° 1568485)
[ vue normale ]
| 000 -LEADER | |
|---|---|
| fixed length control field | 01232cam a2200133 4500500 |
| 005 - DATE AND TIME OF LATEST TRANSACTION | |
| control field | 20251214004345.0 |
| 041 ## - LANGUAGE CODE | |
| Language code of text/sound track or separate title | fre |
| 042 ## - AUTHENTICATION CODE | |
| Authentication code | dc |
| 100 10 - MAIN ENTRY--PERSONAL NAME | |
| Personal name | Seitz, Frédéric |
| Relator term | author |
| 245 00 - TITLE STATEMENT | |
| Title | Gustave Eiffel : Le triomphe de l’ingénieur |
| 260 ## - PUBLICATION, DISTRIBUTION, ETC. | |
| Name of publisher, distributor, etc. | Armand Colin,<br/> |
| Date of publication, distribution, etc. | 2014.<br/> |
| 520 ## - SUMMARY, ETC. | |
| Summary, etc. | Gustave Eiffel a laissé son nom à la postérité grâce à la tour qu’il a construite pour l’Exposition universelle de 1889. Constructeur audacieux d’édifices et d’ouvrages d’art dans le monde entier, promoteur des technologies nouvelles, défenseur acharné de l’industrialisation, mais aussi homme de sciences, il jette les fondements d’une pensée renouvelée de l’ingénierie. Son œuvre influence fortement ses contemporains et ses successeurs et reste, de nos jours, d’une grande actualité.Cette nouvelle biographie de Gustave Eiffel permet de confronter, par des approches multiples, les objectifs qui étaient les siens, ses travaux et les résultats qu’il a obtenus, avec notre regard d’aujourd’hui, et par là même de percer les mystères de la naissance et de la permanence de son mythe. |
| 856 41 - ELECTRONIC LOCATION AND ACCESS | |
| Uniform Resource Identifier | <a href="https://shs.cairn.info/gustave-eiffel--9782200271961?lang=fr&redirect-ssocas=7080">https://shs.cairn.info/gustave-eiffel--9782200271961?lang=fr&redirect-ssocas=7080</a> |
Pas d'exemplaire disponible.




Réseaux sociaux